[Event "4th London Classic Open"]
[Site "London ENG"]
[Date "2012.12.05"]
[Round "5"]
[White "Yeo,M"]
[Black "Casiot,D"]
[Result "1/2-1/2"]
[WhiteElo "2191"]
[BlackElo "1991"]
[WhiteFideId "402257"]
[BlackFideId "405973"]
[EventDate "2012.12.01"]

1. e4 e5 2. Nf3 Nc6 3. Bb5 a6 4. Ba4 Nf6 5. O-O Be7 6. d3 b5 7. Bb3 d6 8. h3 O-O
9. a4 Bb7 10. Nc3 b4 11. Ne2 Na5 12. Ba2 c5 13. c3 Nc6 14. Ng3 Rb8 15. Be3 Bc8
16. Nd2 d5 17. exd5 Nxd5 18. Nde4 Nxe3 19. fxe3 bxc3 20. bxc3 Rb7 21. Qe2 Rd7
22. Rad1 g6 23. Qf3 Kg7 24. h4 Bb7 25. Qg4 Rxd3 26. Nf5+ Kh8 27. Nxe7 Nxe7 28.
Nxc5 Rxd1 29. Rxd1 Qb6 30. Nxb7 Qxb7 31. Qd7 Qxd7 32. Rxd7 Nf5 33. Rxf7 Rc8 34.
e4 Nd6 35. Rf6 Nxe4 36. Rxa6 Rxc3 37. Re6 Rc1+ 38. Kh2 Nc3 39. Bb3 Rb1 40. Bc2
Rb2 41. Bd3 Nxa4 1/2-1/2

[Event "4th London Classic Open"]
[Site "London ENG"]
[Date "2012.12.05"]
[Round "5"]
[White "Ditmas,H"]
[Black "Tozer,Philip A A"]
[Result "1/2-1/2"]
[WhiteElo "2011"]
[BlackElo "2176"]
[WhiteFideId "1270666"]
[BlackFideId "419982"]
[EventDate "2012.12.01"]

1. d4 e6 2. c4 f5 3. g3 Nf6 4. Bg2 c6 5. Nf3 d5 6. O-O Bd6 7. Bf4 Bxf4 8. gxf4
O-O 9. Ne5 Nbd7 10. Nc3 Ne4 11. Rc1 Ndf6 12. e3 Qe7 13. Qc2 Nxc3 14. Qxc3 Bd7
15. Qc2 Ng4 16. Nxd7 Qxd7 17. Bf3 Nf6 18. Kh1 Kh8 19. Rg1 Rg8 20. Rg5 h6 21. Rg3
Raf8 22. Rcg1 Ne4 23. Bxe4 fxe4 24. c5 Rf5 25. Rg6 Qf7 1/2-1/2

[Event "4th London Classic Open"]
[Site "London ENG"]
[Date "2012.12.05"]
[Round "5"]
[White "Walinga,E"]
[Black "Lee,Ka"]
[Result "0-1"]
[WhiteElo "2004"]
[BlackElo "2165"]
[WhiteFideId "1011898"]
[BlackFideId "5802920"]
[EventDate "2012.12.01"]

1. e4 c5 2. Nf3 e6 3. d4 cxd4 4. Nxd4 Nc6 5. Nb5 d6 6. c4 Nf6 7. N1c3 a6 8. Na3
b6 9. Be2 Bb7 10. Be3 Ne5 11. f3 Be7 12. O-O O-O 13. Rc1 Qc7 14. Qb3 Ned7 15.
Nab1 Rac8 16. a3 Qb8 17. Qa2 Bd8 18. Nd2 Re8 19. f4 h6 20. Bf3 Bc6 21. b4 b5 22.
cxb5 axb5 23. Nb3 e5 24. Na5 Bxa5 25. bxa5 Qa8 26. Nd5 Bxd5 27. exd5 e4 28. Be2
Qxa5 29. Bd4 b4 30. a4 Rxc1 31. Rxc1 Ra8 32. Rc6 b3 33. Qxb3 Rb8 34. Qc3 Rb1+
35. Kf2 e3+ 36. Qxe3 Qe1+ 37. Kf3 Rb8 38. Rxd6 Re8 39. Qf2 Qb1 40. Be5 Nxe5+ 41.
fxe5 Qf5+ 42. Kg3 Ne4+ 0-1

[Event "4th London Classic Open"]
[Site "London ENG"]
[Date "2012.12.05"]
[Round "5"]
[White "Eriksson,B1"]
[Black "Saikhanzaya,Ganbaatar"]
[Result "0-1"]
[WhiteElo "2154"]
[BlackElo "1924"]
[WhiteFideId "1702777"]
[BlackFideId "4900030"]
[EventDate "2012.12.01"]

1. e4 e6 2. d4 d5 3. Nc3 Bb4 4. e5 c5 5. a3 Bxc3+ 6. bxc3 Qc7 7. Nf3 Ne7 8. Bd3
h6 9. O-O Bd7 10. a4 b6 11. c4 Nbc6 12. Re1 Na5 13. cxd5 Nxd5 14. c4 Nb4 15. Be4
Rd8 16. d5 exd5 17. cxd5 Nxd5 18. Bd2 Be6 19. Qc2 Nc6 20. Qb2 O-O 21. Rad1 Rd7
22. Bb1 Ndb4 23. Bf4 Rxd1 24. Rxd1 Rd8 25. Rd6 Nd5 26. Bg3 Nce7 27. Nh4 Nc8 28.
Rxd8+ Qxd8 29. Qc2 Nc3 30. f4 Qd1+ 31. Qxd1 Nxd1 32. f5 Bb3 33. a5 bxa5 34. Bf4
c4 35. Nf3 Nc3 36. Nd2 Ne2+ 0-1

[Event "4th London Classic Open"]
[Site "London ENG"]
[Date "2012.12.05"]
[Round "5"]
[White "Zymberi,As"]
[Black "Nettleton,Charlie B"]
[Result "1-0"]
[WhiteElo "2154"]
[BlackElo "1845"]
[WhiteFideId "4700295"]
[BlackFideId "419710"]
[EventDate "2012.12.01"]

1. Nf3 Nf6 2. c4 g6 3. Nc3 Bg7 4. d4 O-O 5. g3 d5 6. cxd5 Nxd5 7. Bg2 c5 8. O-O
Nxc3 9. bxc3 Nc6 10. e3 Qa5 11. Qb3 Rd8 12. Ng5 c4 13. Qxc4 Qxg5 14. e4 Qh5 15.
h4 Na5 16. Qb4 Nc6 17. Qc4 Bd7 18. e5 Rac8 19. Qb3 b6 20. Qa3 Bf8 21. Qa6 Bg4
22. f3 Be6 23. Bg5 h6 24. g4 Bxg4 25. fxg4 Qxg4 26. Be3 Na5 27. Rf4 Qg3 28. Rf3
Qxh4 29. Qe2 Qg4 30. Qf2 Rxc3 31. Rf1 Rcc8 32. Rg3 Qe6 33. Bh3 Qd5 34. e6 f6 35.
Rxg6+ Kh8 36. Bf5 Bg7 37. Qh4 Kg8 38. Qxh6 1-0

[Event "4th London Classic Open"]
[Site "London ENG"]
[Date "2012.12.05"]
[Round "5"]
[White "Maduekwe,C"]
[Black "De Lagontrie,J"]
[Result "1/2-1/2"]
[WhiteElo "2151"]
[BlackElo "1858"]
[WhiteFideId "8500118"]
[BlackFideId "605271"]
[EventDate "2012.12.01"]

1. d4 Nf6 2. Nf3 d5 3. c4 e6 4. Nc3 Nbd7 5. Bg5 c6 6. e3 Qa5 7. cxd5 exd5 8. Nd2
Bb4 9. Qc2 O-O 10. Bd3 h6 11. Bh4 Re8 12. O-O Be7 13. a3 Nh5 14. Bxe7 Rxe7 15.
b4 Qd8 16. b5 Nhf6 17. bxc6 bxc6 18. Ne2 Nf8 19. Qxc6 Bd7 20. Qc2 Rc8 21. Qa2
Qe8 22. Kh1 Bb5 23. Nf4 Rec7 24. Rab1 Bxd3 25. Nxd3 Ne6 26. Rfc1 Rxc1+ 27. Rxc1
Rxc1+ 28. Nxc1 Nxd4 29. Nd3 Qa4 1/2-1/2

[Event "4th London Classic Open"]
[Site "London ENG"]
[Date "2012.12.05"]
[Round "5"]
[White "Ociepka,A"]
[Black "Whatley,Stephen A J"]
[Result "1-0"]
[WhiteElo "2143"]
[BlackElo "1707"]
[WhiteFideId "1141937"]
[BlackFideId "420441"]
[EventDate "2012.12.01"]

1. d4 Nf6 2. c4 g6 3. Nc3 d5 4. Nf3 Bg7 5. Qb3 dxc4 6. Qxc4 Bf5 7. Ng5 O-O 8. e4
Bc8 9. e5 Ne8 10. Be3 c6 11. h4 h6 12. Nge4 h5 13. Ng5 Nc7 14. Qb3 Nd5 15. Bc4
e6 16. Nce4 Nd7 17. Rh3 N7b6 18. Bd3 Qe7 19. a3 Nd7 20. Qc2 Qd8 21. Nd6 Ne7 22.
Ndxf7 Rxf7 23. Bxg6 Nxg6 24. Qxg6 Re7 25. Qh7+ Kf8 26. Rf3+ Ke8 27. Qxh5+ 1-0

[Event "4th London Classic Open"]
[Site "London ENG"]
[Date "2012.12.05"]
[Round "5"]
[White "Wood,Peter R"]
[Black "Varnam,L"]
[Result "1/2-1/2"]
[WhiteElo "1931"]
[BlackElo "2140"]
[WhiteFideId "422215"]
[BlackFideId "410950"]
[EventDate "2012.12.01"]

1. e4 e5 2. Bc4 Nf6 3. d3 Nc6 4. Nf3 Be7 5. O-O O-O 6. Re1 d6 7. a4 Bg4 8. h3
Bxf3 9. Qxf3 Nd4 10. Qd1 c6 11. c3 Ne6 12. Bxe6 fxe6 13. Qe2 Nd7 14. Be3 d5 15.
Nd2 c5 16. Nf3 d4 17. Bd2 a6 18. a5 b6 19. axb6 Qxb6 20. c4 a5 21. Qd1 Ra7 22.
Qa4 Rb8 23. Reb1 Qb3 24. Ne1 Qxa4 25. Rxa4 Bd8 26. Kf1 Rb3 27. Ke2 Nb8 28. Nc2
Nc6 29. Na3 Rab7 30. Nb5 Nb4 31. Ra3 Rxa3 32. bxa3 Nc6 33. a4 1/2-1/2

[Event "4th London Classic Open"]
[Site "London ENG"]
[Date "2012.12.05"]
[Round "5"]
[White "Haddock,Paul"]
[Black "Luncasu,R"]
[Result "0-1"]
[WhiteElo "1665"]
[BlackElo "2118"]
[WhiteFideId "419150"]
[BlackFideId "1206222"]
[EventDate "2012.12.01"]

1. e4 c5 2. Nc3 Nc6 3. f4 e6 4. Bb5 Nge7 5. Nf3 a6 6. Bxc6 Nxc6 7. O-O Be7 8. d3
d6 9. Qe1 Bf6 10. e5 dxe5 11. fxe5 Nxe5 12. Nxe5 Qd4+ 13. Kh1 Qxe5 14. Ne4 Be7
15. Qf2 O-O 16. c3 b6 17. Bf4 Qd5 18. Qg3 Kh8 19. c4 Qd7 20. Rad1 f6 21. Bd6
Bxd6 22. Nxd6 e5 23. Qxe5 Bb7 24. Qg3 Bc6 25. Rfe1 Rad8 26. Ne4 Qd4 27. b3 Bxe4 0-1

[Event "4th London Classic Open"]
[Site "London ENG"]
[Date "2012.12.05"]
[Round "5"]
[White "Slavin,A"]
[Black "Bratteteig,Tore-Inge"]
[Result "1-0"]
[WhiteTitle "IM"]
[WhiteElo "2397"]
[BlackElo "1684"]
[WhiteFideId "24104388"]
[BlackFideId "1510711"]
[EventDate "2012.12.01"]

1. d4 d5 2. c4 e6 3. g3 c6 4. Bg2 f5 5. Nf3 Nf6 6. O-O Bd6 7. Nbd2 Qe7 8. Ne5
O-O 9. Ndf3 Ne4 10. Qc2 Nd7 11. Bf4 Kh8 12. c5 Bb8 13. b4 g5 14. Nxd7 Bxd7 15.
Bxb8 Raxb8 16. Ne5 Be8 17. f4 Rg8 18. Bxe4 dxe4 19. fxg5 Qxg5 20. Qc1 Rd8 21.
Qxg5 Rxg5 22. Rad1 a6 23. Kf2 Bh5 24. Ke3 Rg7 25. a4 Be8 26. g4 Bg6 27. Rf4 Rd5
28. Rb1 Rg8 29. Rg1 Rg7 30. Rff1 Rd8 31. Nc4 Rdg8 32. gxf5 Bxf5 33. Rxg7 Rxg7
34. Nd6 Rg2 35. Rf2 Rg1 36. Nxf5 exf5 37. Rxf5 Rb1 38. Rf7 Rxb4 39. Kxe4 Kg8 40.
Rc7 Rb2 41. Kf3 h5 42. h4 Rb1 43. Kf4 Rg1 44. Rxb7 Rg4+ 45. Ke5 Rxh4 46. d5 cxd5
47. c6 1-0

[Event "4th London Classic Open"]
[Site "London ENG"]
[Date "2012.12.05"]
[Round "5"]
[White "Hodgson,Jo"]
[Black "Gibson,Ch"]
[Result "1/2-1/2"]
[WhiteElo "2192"]
[BlackElo "1975"]
[WhiteFideId "403520"]
[BlackFideId "414697"]
[EventDate "2012.12.01"]

1. e4 c5 2. Nf3 Nc6 3. c3 Nf6 4. e5 Nd5 5. d4 cxd4 6. cxd4 e6 7. Nc3 Nxc3 8.
bxc3 d6 9. exd6 Bxd6 10. Bd3 Qa5 11. Bd2 Qh5 12. O-O O-O 13. Re1 Rd8 14. h3 b6
15. Qc2 Bb7 16. Ng5 Be7 17. Be2 Qg6 18. Bd3 Qh5 19. Be2 Qg6 20. Bd3 1/2-1/2

[Event "4th London Classic Open"]
[Site "London ENG"]
[Date "2012.12.05"]
[Round "5"]
[White "Josse,Mar"]
[Black "Koch,Ala2"]
[Result "1-0"]
[WhiteElo "2142"]
[BlackElo "1960"]
[WhiteFideId "414476"]
[BlackFideId "639532"]
[EventDate "2012.12.01"]

1. d4 d5 2. c4 e6 3. Nc3 Nf6 4. cxd5 exd5 5. Bg5 Be7 6. Qc2 c6 7. e3 Ne4 8. Bxe7
Kxe7 9. Nxe4 dxe4 10. Qxe4+ Kf8 11. Qc2 Qa5+ 12. Qd2 Qxd2+ 13. Kxd2 Be6 14. Ne2
Nd7 15. Nf4 Nb6 16. Nxe6+ fxe6 17. e4 Rd8 18. Ke3 Ke7 19. Be2 Rd7 20. b3 Rhd8
21. Rhd1 a6 22. f4 g6 23. Rac1 Nc8 24. g4 Nd6 25. a4 Ne8 26. h4 Ng7 27. Rc5 h6
28. b4 Ra8 29. Re5 Kf7 30. Bc4 Kf6 31. g5+ hxg5 32. hxg5+ Kf7 33. f5 Rd6 34.
fxe6+ Ke7 35. Rf1 Rf8 36. Rf7+ Rxf7 37. exf7+ Kf8 38. d5 b5 39. dxc6 Rxc6 40.
Bd5 Rb6 41. a5 Rb8 42. Bb3 Rc8 43. Rc5 Rd8 44. Rc6 Ra8 45. Bd5 Rd8 46. Kd4 Rb8
47. Rxg6 Rd8 48. Rxa6 Ke7 49. Rg6 Kf8 50. a6 Rd7 51. Rb6 Ke7 52. g6 Rc7 53. Rb7
Ne6+ 1-0

[Event "4th London Classic Open"]
[Site "London ENG"]
[Date "2012.12.05"]
[Round "5"]
[White "Phillips,William"]
[Black "Steevensz,K"]
[Result "0-1"]
[WhiteElo "1950"]
[BlackElo "2096"]
[WhiteFideId "414344"]
[BlackFideId "1009036"]
[EventDate "2012.12.01"]

1. d4 Nf6 2. Nf3 e6 3. c4 b6 4. g3 Bb7 5. Bg2 Be7 6. O-O O-O 7. Nc3 Ne4 8. Qc2
Nxc3 9. Qxc3 d6 10. b3 Nd7 11. Bb2 f5 12. Qe3 Kh8 13. Rad1 Be4 14. Nd2 Bxg2 15.
Kxg2 Rf6 16. f4 d5 17. Nf3 h6 18. Qd3 c6 19. Rc1 Rc8 20. Rc2 dxc4 21. bxc4 Qg8
22. Ne5 Nxe5 23. dxe5 Rff8 24. Ba3 Rfd8 25. Qc3 Qf8 26. Bxe7 Qxe7 27. Rd2 Rxd2
28. Qxd2 Rd8 29. Qc3 Qc5 30. e3 b5 31. Kf3 b4 32. Qb3 a5 33. Rc1 Rd2 34. Rc2
Rxc2 35. Qxc2 a4 36. Qd3 Qb6 37. Qd6 b3 38. axb3 axb3 39. Qxe6 Qd8 40. Qd6 Qa8
41. e6 b2 42. e7 b1=Q 43. Qd8+ Kh7 0-1

[Event "4th London Classic Open"]
[Site "London ENG"]
[Date "2012.12.05"]
[Round "5"]
[White "Takahashi,R"]
[Black "Vachtfeidl,P"]
[Result "1/2-1/2"]
[WhiteElo "2079"]
[BlackElo "1945"]
[WhiteFideId "7000880"]
[BlackFideId "315028"]
[EventDate "2012.12.01"]

1. d4 Nf6 2. Nf3 g6 3. g3 Bg7 4. Bg2 d5 5. O-O c6 6. Nbd2 O-O 7. c4 Bf5 8. Qb3
Qb6 9. Qxb6 axb6 10. cxd5 cxd5 11. b3 Nc6 12. Bb2 Ne4 13. Rfd1 Nxd2 14. Rxd2 Be4
15. Ne1 Bxg2 16. Kxg2 Rfc8 17. e3 e6 18. Nd3 Bf8 19. Rc2 Nb4 20. Nxb4 Bxb4 21.
Rxc8+ Rxc8 22. Rc1 1/2-1/2

[Event "4th London Classic Open"]
[Site "London ENG"]
[Date "2012.12.05"]
[Round "5"]
[White "O'Molloy,Eamonn"]
[Black "Gregory,P"]
[Result "1/2-1/2"]
[WhiteElo "1926"]
[BlackElo "2071"]
[WhiteFideId "2505843"]
[BlackFideId "407852"]
[EventDate "2012.12.01"]

1. e4 e5 2. Nf3 Nc6 3. Nc3 Nf6 4. d4 exd4 5. Nxd4 Bb4 6. Nxc6 bxc6 7. Bd3 d5 8.
exd5 cxd5 9. O-O O-O 10. Bg5 Be6 11. Ne2 h6 12. Bh4 c5 13. c3 Ba5 14. Rc1 Bc7
15. Bg3 Bxg3 16. Nxg3 Rb8 17. Qc2 Qb6 18. Rb1 a5 19. c4 d4 20. b3 Qb4 21. Rfe1
Rfe8 22. Re2 Bd7 23. Rbe1 Qxe1+ 24. Rxe1 Rxe1+ 25. Nf1 Ra8 26. a4 Bc6 27. f3 Nd7
28. Kf2 Ree8 29. Ng3 Ne5 1/2-1/2

[Event "4th London Classic Open"]
[Site "London ENG"]
[Date "2012.12.05"]
[Round "5"]
[White "Marshall,Mi"]
[Black "Bass,J"]
[Result "0-1"]
[WhiteElo "1898"]
[BlackElo "2065"]
[WhiteFideId "1409956"]
[BlackFideId "407925"]
[EventDate "2012.12.01"]

1. c4 e5 2. g3 Nf6 3. Bg2 c6 4. d4 e4 5. Nc3 Bb4 6. Bd2 Bxc3 7. Bxc3 d5 8. cxd5
cxd5 9. Qd2 O-O 10. h4 Nc6 11. Bh3 Qe7 12. Bxc8 Rfxc8 13. Nh3 h5 14. b3 e3 15.
Qd3 Nb4 16. Bxb4 Qxb4+ 17. Kf1 Rc3 18. Qd1 Ne4 19. Rg1 Nd2+ 20. Kg2 exf2 21.
Nxf2 Qxd4 22. Rc1 Rac8 23. Rxc3 Rxc3 24. Kh2 Qxf2+ 0-1

[Event "4th London Classic Open"]
[Site "London ENG"]
[Date "2012.12.05"]
[Round "5"]
[White "McDonnell,J"]
[Black "Siddharth,Gopakumar"]
[Result "0-1"]
[WhiteElo "1912"]
[BlackElo "2054"]
[WhiteFideId "2500787"]
[BlackFideId "5053463"]
[EventDate "2012.12.01"]

1. e4 e5 2. Nf3 Nc6 3. Bb5 Nf6 4. Qe2 a6 5. Ba4 b5 6. Bb3 Be7 7. c3 O-O 8. O-O
d5 9. d3 Re8 10. Re1 d4 11. a3 h6 12. Nbd2 Bf8 13. Nf1 Na5 14. Ba2 c5 15. b4 Nc6
16. cxd4 cxb4 17. d5 Nd4 18. Nxd4 exd4 19. axb4 Bxb4 20. Bd2 Bc3 21. Bxc3 dxc3
22. Qc2 b4 23. Ne3 Qc7 24. f3 Nd7 25. d4 Nb6 26. Qb3 a5 27. d6 Qb7 28. Rab1 Be6
29. d5 Bd7 30. Kh1 Ba4 31. d7 Qxd7 0-1

[Event "4th London Classic Open"]
[Site "London ENG"]
[Date "2012.12.05"]
[Round "5"]
[White "De Coverly,R"]
[Black "Phillips,O"]
[Result "1/2-1/2"]
[WhiteElo "2038"]
[BlackElo "1926"]
[WhiteFideId "405213"]
[BlackFideId "417882"]
[EventDate "2012.12.01"]

1. e4 e6 2. d4 d5 3. exd5 exd5 4. c4 Nf6 5. Nc3 Be7 6. cxd5 Nxd5 7. Bd3 Nxc3 8.
bxc3 Qd5 9. Nf3 Nc6 10. O-O Bg4 11. Re1 Qd6 12. a4 O-O 13. d5 Bxf3 14. Qxf3 Ne5
15. Bxh7+ Kxh7 16. Qh5+ Kg8 17. Rxe5 g6 18. Qe2 Bf6 19. Re3 Qxd5 20. Ba3 Rfd8
21. Re1 c5 22. h3 b6 23. Qb5 Kg7 24. c4 Qd2 25. R3e2 Qd7 26. Qb3 Qd3 27. Re3
Qxb3 28. Rxb3 Rd4 29. Rc1 Rad8 30. a5 Rd3 31. Rcb1 Rxb3 32. Rxb3 Rd1+ 33. Kh2
Be5+ 34. g3 Rd2 35. axb6 axb6 36. Rxb6 Rxf2+ 37. Kh1 Bd4 38. Rc6 Rf1+ 39. Kg2
Rf2+ 40. Kh1 Rf5 41. Kg2 Kf8 1/2-1/2

[Event "4th London Classic Open"]
[Site "London ENG"]
[Date "2012.12.05"]
[Round "5"]
[White "Strand,O"]
[Black "Jyothilal,N"]
[Result "0-1"]
[WhiteElo "1854"]
[BlackElo "2038"]
[WhiteFideId "1507230"]
[BlackFideId "5002605"]
[EventDate "2012.12.01"]

1. d4 Nf6 2. Nf3 g6 3. e3 Bg7 4. Bd3 d5 5. O-O O-O 6. Nbd2 c5 7. c3 Nc6 8. Qe2
Re8 9. Ne5 Nxe5 10. dxe5 Ne4 11. Nxe4 dxe4 12. Bxe4 Bxe5 13. f4 Bd6 14. f5 Rf8
15. Qf3 Kg7 16. Bxb7 Bxh2+ 17. Kxh2 Qc7+ 18. Kg1 Bxb7 19. f6+ Kg8 20. e4 e6 21.
Qe3 Kh8 22. Qh6 Rg8 23. Rf3 g5 24. Rh3 Bxe4 25. Bxg5 Qe5 26. Re1 Rxg5 27. Rxe4
Rxg2+ 28. Kxg2 Qxe4+ 29. Kf1 Qb1+ 30. Ke2 Rg8 31. Rh2 Qxb2+ 32. Kd3 c4+ 33. Ke4
Qb1+ 34. Ke5 Qd3 35. Rh3 Qd5+ 36. Kf4 Qd2+ 37. Re3 Qf2+ 38. Rf3 e5+ 0-1

[Event "4th London Classic Open"]
[Site "London ENG"]
[Date "2012.12.05"]
[Round "5"]
[White "Andreev,Pete"]
[Black "Kane,Robert"]
[Result "1/2-1/2"]
[WhiteElo "2017"]
[BlackElo "1827"]
[WhiteFideId "406350"]
[BlackFideId "420468"]
[EventDate "2012.12.01"]

1. e4 c6 2. d4 d5 3. exd5 cxd5 4. Bd3 Nc6 5. c3 Qc7 6. h3 Nf6 7. Nf3 g6 8. O-O
Bf5 9. Bxf5 gxf5 10. Qd3 e6 11. Ne5 Nxe5 12. dxe5 Qxe5 13. Be3 Bd6 14. g3 Rg8
15. Bd4 Qe4 16. Qb5+ Nd7 17. Kh2 a6 18. Qxb7 Rb8 19. Qxa6 Bxg3+ 20. fxg3 Rxb2+
21. Bf2 Ne5 22. Qa8+ Kd7 23. Qa7+ Kc6 24. Qc5+ Kd7 25. Qa7+ Kc6 26. Qc5+ Kd7 1/2-1/2

[Event "4th London Classic Open"]
[Site "London ENG"]
[Date "2012.12.05"]
[Round "5"]
[White "Pauw,M"]
[Black "Baasansuren,Erdene"]
[Result "1/2-1/2"]
[WhiteElo "2011"]
[BlackElo "1795"]
[WhiteFideId "1008447"]
[BlackFideId "4902084"]
[EventDate "2012.12.01"]

1. e4 c5 2. Nf3 e6 3. d4 cxd4 4. Nxd4 Nc6 5. Nb5 d6 6. c4 a6 7. N5c3 Nf6 8. Na3
Be7 9. Be2 O-O 10. O-O Qc7 11. Be3 Ne5 12. Rc1 b6 13. f3 Bb7 14. Qb3 Ned7 15.
Na4 Bd8 16. Rfd1 Nc5 17. Qc2 Bc6 18. Nc3 Be7 19. Bf1 Rfd8 20. Qf2 a5 21. Nab5
Qb7 22. a3 a4 23. Bxc5 bxc5 24. Qc2 d5 25. exd5 exd5 26. cxd5 Nxd5 27. Bd3 h6
28. Be4 Bf6 29. Nxd5 Bxd5 30. Rxd5 Rxd5 31. Nc3 Bxc3 32. Qxc3 Rad8 33. Bxd5 Rxd5
34. h3 Qb5 35. Re1 c4 36. Qe3 Rd8 37. Qe7 Rb8 38. Re2 Qb3 39. Qd7 Rf8 1/2-1/2

[Event "4th London Classic Open"]
[Site "London ENG"]
[Date "2012.12.05"]
[Round "5"]
[White "Jones,Chris S"]
[Black "Gschwendtner,S"]
[Result "0-1"]
[WhiteElo "1834"]
[BlackElo "2004"]
[WhiteFideId "414905"]
[BlackFideId "307297"]
[EventDate "2012.12.01"]

1. e4 c5 2. Nf3 d6 3. d4 cxd4 4. Nxd4 Nf6 5. Nc3 g6 6. Be2 Bg7 7. O-O Nc6 8. Nb3
O-O 9. Kh1 a6 10. a4 b6 11. f4 Bb7 12. Bf3 Rc8 13. Be3 Nd7 14. Nd4 Na5 15. Be2
Nc4 16. Bxc4 Rxc4 17. Nd5 e5 18. Nf3 Rxe4 19. Qd3 Bxd5 20. Ng5 Rxe3 21. Qxe3
exf4 22. Qxf4 Be5 23. Qd2 h6 24. Nh3 Qa8 25. Rad1 Nf6 26. Rxf6 Bxg2+ 27. Qxg2
Bxf6 28. Rxd6 Bxb2 29. Rxb6 Be5 30. Qc6 Qd8 31. Rxa6 Qh4 32. Qg2 Qe1+ 33. Ng1
Bd4 34. Rd6 Qa1 35. a5 Re8 36. Rxd4 Qxd4 37. Qc6 Re1 38. Qg2 Ra1 0-1

[Event "4th London Classic Open"]
[Site "London ENG"]
[Date "2012.12.05"]
[Round "5"]
[White "Rallabandi,Praveen Kumar"]
[Black "Wan Nawawi,W"]
[Result "0-1"]
[WhiteElo "1793"]
[BlackElo "2001"]
[WhiteFideId "426032"]
[BlackFideId "5704022"]
[EventDate "2012.12.01"]

1. e4 c5 2. d4 cxd4 3. c3 dxc3 4. Nxc3 Nc6 5. Nf3 e6 6. Bc4 a6 7. O-O Nge7 8.
Bg5 Qa5 9. Qe2 Ng6 10. Nd5 Be7 11. Nxe7 Ncxe7 12. h4 h6 13. Bd2 Qh5 14. Bc3 O-O
15. g3 b5 16. Bd3 Bb7 17. Qe3 Rfc8 18. Qd4 Rxc3 19. bxc3 Qxf3 20. Qxd7 Bc6 21.
Qd4 Nf5 22. Be2 Qxe2 23. Qd1 Qxe4 24. f3 Qe3+ 25. Kh2 Ne5 26. Kg2 Qxc3 27. Rc1
Ne3+ 0-1

[Event "4th London Classic Open"]
[Site "London ENG"]
[Date "2012.12.05"]
[Round "5"]
[White "Cannon,Ra"]
[Black "Mc Aleenan,C"]
[Result "1-0"]
[WhiteElo "1998"]
[BlackElo "1813"]
[WhiteFideId "408018"]
[BlackFideId "2461617"]
[EventDate "2012.12.01"]

1. e4 e6 2. d4 d5 3. Nd2 Nf6 4. e5 Nfd7 5. Bd3 c5 6. c3 Nc6 7. Ne2 cxd4 8. cxd4
f6 9. exf6 Nxf6 10. Nf3 Bd6 11. O-O Qc7 12. Nc3 a6 13. Bg5 O-O 14. Bh4 Bd7 15.
Re1 Rae8 16. Rc1 Bf4 17. Bg3 Bxg3 18. hxg3 Qd6 19. Bb1 e5 20. dxe5 Nxe5 21. Ne4
Nxf3+ 22. gxf3 Nxe4 23. Rxe4 Rxe4 24. Bxe4 Bc6 25. f4 Rd8 26. Qb3 Kh8 27. Bf3 a5
28. Qb6 a4 29. a3 h6 30. Qd4 Qg6 31. Kg2 Re8 32. Rh1 Qd6 33. Rh5 Qg6 34. Re5
Rxe5 35. Qxe5 d4 36. Qxd4 Bxf3+ 37. Kxf3 Qc6+ 38. Ke2 Qc2+ 39. Kf3 Qc6+ 40. Kg4
Qc8+ 41. f5 Qe8 42. Kh4 Qe7+ 43. Kh3 Qe8 44. f6 Qe6+ 45. Kh2 gxf6 46. Qxa4 Qd5
47. Qf4 Kg7 48. a4 Qh5+ 49. Kg2 Qd5+ 50. Qf3 Qd7 51. Qe4 b6 52. b3 Qc7 53. Qd5
Kg6 54. b4 h5 55. a5 bxa5 56. bxa5 f5 57. Qe6+ Kg7 58. Qxf5 Qc6+ 59. Kh2 Kh6 60.
Qf4+ Kg6 61. Qd4 Qf3 62. a6 h4 63. gxh4 Qc6 64. a7 Kh5 65. Qh8+ 1-0

[Event "4th London Classic Open"]
[Site "London ENG"]
[Date "2012.12.05"]
[Round "5"]
[White "Tart,P"]
[Black "Burnham,Frank D"]
[Result "1-0"]
[WhiteElo "1989"]
[BlackElo "1792"]
[WhiteFideId "471070"]
[BlackFideId "419516"]
[EventDate "2012.12.01"]

1. e4 a6 2. d4 b5 3. Bd3 Bb7 4. Nf3 e6 5. O-O Nf6 6. Qe2 Be7 7. c3 d6 8. a4 bxa4
9. Rxa4 a5 10. e5 Nfd7 11. Rd1 O-O 12. Nbd2 c5 13. exd6 Bxd6 14. Ne4 Be7 15.
dxc5 Qc7 16. b4 axb4 17. Rxa8 Bxa8 18. cxb4 f6 19. Nc3 e5 20. Qa2+ Kh8 21. Qxa8
Nc6 22. Qa4 Qc8 23. Bb5 Ndb8 24. Ne4 f5 25. Nd6 Qc7 26. Bxc6 Nxc6 27. b5 e4 28.
Bf4 Bf6 29. b6 Qe7 30. Qxc6 exf3 31. Qxf3 Bd4 32. Be3 Be5 33. g3 Qf6 34. Nc4 Bb8
35. c6 f4 36. Bd4 Qe6 37. Qc3 Qg4 38. Rf1 fxg3 39. hxg3 Bf4 40. Bxg7+ Qxg7 41.
Qxg7+ Kxg7 42. gxf4 Rxf4 43. b7 Rxc4 44. b8=Q 1-0

[Event "4th London Classic Open"]
[Site "London ENG"]
[Date "2012.12.05"]
[Round "5"]
[White "Jeitz,O"]
[Black "Shierlaw,Hamish"]
[Result "1-0"]
[WhiteElo "1987"]
[BlackElo "1582"]
[WhiteFideId "4000560"]
[BlackFideId "4301765"]
[EventDate "2012.12.01"]

1. c4 Nf6 2. Nf3 e6 3. g3 d5 4. Bg2 Be7 5. O-O O-O 6. b3 c6 7. Bb2 Nbd7 8. d3 b6
9. Nbd2 Bb7 10. e4 dxe4 11. dxe4 Nc5 12. e5 Nfd7 13. Qe2 Qc7 14. Rfd1 Rad8 15.
Rac1 Rfe8 16. Nf1 Nf8 17. Ne3 Ng6 18. Nc2 Nd7 19. h4 c5 20. Nce1 Nb8 21. h5 Nf8
22. Nh2 Bxg2 23. Nxg2 Rxd1+ 24. Rxd1 Rd8 25. Ng4 h6 26. Bc1 Kh7 27. Qe4+ Kh8 28.
Rxd8 Qxd8 29. Qf3 Qe8 30. Nf6 gxf6 31. exf6 Bd8 32. Bxh6 Nfd7 33. Bg7+ Kh7 34.
Qf4 Bxf6 35. Qh6+ 1-0